| 000 | 00000nas 2200000za 4500 |
| 001 | 9.512202 |
| 003 | CaOODSP |
| 005 | 20200325115515 |
| 007 | ta |
| 008 | 150406d20062014oncar p #||||f| |0eng|d |
| 040 | |aCaOODSP|beng |
| 041 | |aeng|bfre |
| 043 | |an-cn--- |
| 086 | 1 |aCC506 |
| 110 | 1 |aCanada.|bBlue Water Bridge Canada. |
| 245 | 10|aAnnual report. |
| 260 | |a[Point Edward, ON] : |bBlue Water Bridge Canada. |
| 310 | |aAnnual |
| 362 | 0 |a2006-2013/2014. |
| 520 | 3 |aDetails the activities for the fiscal year. Includes financial statements. |
| 776 | 0#|tAnnual report |w(CaOODSP)9.506284 |
| 792 | |tRapport annuel. |efre|w(CaOODSP)9.512203 |